Concise encyclopedia of special education

This encyclopedia is a comprehensive reference work for the field of special education subsequent to the passage of education for all handicapped children Act of 1974. This 2nd edition offers a desk reference for special educaters, school psychologists educational and clinical psychologist educatio...

תיאור מלא

שמור ב:
מידע ביבליוגרפי
פורמט: ספר
שפה:Undetermined
יצא לאור: New York, NY John Wiley & Sons 2004
נושאים:
תגים: הוספת תג
אין תגיות, היה/י הראשונ/ה לתייג את הרשומה!
Thư viện lưu trữ: Trung tâm Học liệu Trường Đại học Cần Thơ
LEADER 01178nam a2200217Ia 4500
001 CTU_126403
008 210402s9999 xx 000 0 und d
020 |c 59.89 
082 |a 371.903 
082 |b C744 
245 0 |a Concise encyclopedia of special education 
245 0 |c Edited by Cecil R Reynolds; Elaine Fletcher-Janzen 
260 |a New York, NY 
260 |b John Wiley & Sons 
260 |c 2004 
520 |a This encyclopedia is a comprehensive reference work for the field of special education subsequent to the passage of education for all handicapped children Act of 1974. This 2nd edition offers a desk reference for special educaters, school psychologists educational and clinical psychologist educational diagnosticans, resource and related teachers and the parents of children receiving or in need of special education services. Articles on this topics also were collected in this work 
650 |a Special education,Children with disabilities,People with disabilities 
650 |x Education,Education 
650 |z United States,United States,United States 
904 |i Minh, Huỳnh Mai 
980 |a Trung tâm Học liệu Trường Đại học Cần Thơ